INTRODUCTION TO BIOMEDICAL ENGINEERING (Record no. 32268)

000 -LEADER
fixed length control field 00312nam a22001337a 4500
003 - CONTROL NUMBER IDENTIFIER
control field Nust
005 - DATE AND TIME OF LATEST TRANSACTION
control field 20170124102948.0
008 - FIXED-LENGTH DATA ELEMENTS--GENERAL INFORMATION
fixed length control field 170124b xxu||||| |||| 00| 0 eng d
020 ## - INTERNATIONAL STANDARD BOOK NUMBER
International Standard Book Number 8131200027
040 ## - CATALOGING SOURCE
Transcribing agency C
082 ## - DEWEY DECIMAL CLASSIFICATION NUMBER
Classification number 610.28
100 ## - MAIN ENTRY--PERSONAL NAME
Personal name Enderle
245 ## - TITLE STATEMENT
Title INTRODUCTION TO BIOMEDICAL ENGINEERING
250 ## - EDITION STATEMENT
Edition statement 2nd ed.
260 ## - PUBLICATION, DISTRIBUTION, ETC.
Place of publication, distribution, etc. New Delhi :
Name of publisher, distributor, etc. Academic,
Date of publication, distribution, etc. 2005.
300 ## - PHYSICAL DESCRIPTION
Extent 1118 p. ;
Dimensions 24 cm.
500 ## - GENERAL NOTE
General note paperback.
942 ## - ADDED ENTRY ELEMENTS (KOHA)
Koha item type Book
Source of classification or shelving scheme
Holdings
Withdrawn status Lost status Source of classification or shelving scheme Damaged status Not for loan Permanent Location Current Location Date acquired Total Checkouts Full call number Barcode Date last seen Price effective from Koha item type
          School of Mechanical & Manufacturing Engineering (SMME) School of Mechanical & Manufacturing Engineering (SMME) 07/31/2015   610.28 END SMME-798 03/27/2018 07/31/2015 Book
© 2023 Central Library, National University of Sciences and Technology. All Rights Reserved.